Modelovanie a simulácie mechatronických systémov v Matlab Simulink/Simscape

Guardado en:
Detalles Bibliográficos
Autor principal: Hraška, Martin (Autor)
Otros Autores: Garan, Martin (Orientador)
Formato: Manuscrito Libro
Lenguaje:eslovaco
Publicado: 2021
Materias:
Acceso en línea:http://is.stuba.sk/zp/portal_zp.pl?podrobnosti=150347
Etiquetas: Agregar Etiqueta
Sin Etiquetas, Sea el primero en etiquetar este registro!

MARC

LEADER 00000ntm a22000003a 4500
001 stuzp82770
003 SK-STU
005 20210717210320.0
007 ta
008 150427s2015----xo-----f-mn---000-0-slo-d
040 |a STU  |b slo 
041 0 |a slo 
100 1 |a Hraška, Martin  |u 020010  |4 aut  |U SjF Strojnícka fakulta  |T SjF Ústav aplikovanej mechaniky a mechatroniky  |X 98603  |U J0010  |Y 801  |7 98603 
242 0 1 |a Modeling and simulation of mechatronic systems in Matlab Simulink / Simscape  |y eng 
245 1 0 |a Modelovanie a simulácie mechatronických systémov v Matlab Simulink/Simscape 
260 |c 2021 
650 4 |a Simscape Multibody  |2 slo 
650 4 |a simulácia  |2 slo 
650 4 |a modelovanie  |2 slo 
650 4 |a robotická ruka  |2 slo 
650 4 |a mechatronický systém  |2 slo 
650 4 |a mechatronic system  |2 eng 
650 4 |a modeling  |2 eng 
650 4 |a simulation  |2 eng 
650 4 |a Simscape Multibody  |2 eng 
650 4 |a robotic arm  |2 eng 
700 1 |a Garan, Martin  |u 020010  |k Z1  |4 ths  |U SjF Strojnícka fakulta  |T SjF Ústav aplikovanej mechaniky a mechatroniky  |X 10008  |U J0010  |Y 801  |7 A000010008 
856 4 |u http://is.stuba.sk/zp/portal_zp.pl?podrobnosti=150347